|
|
|
|
| LEADER |
01568nam a2200385 i 4500 |
| 001 |
EBC5606411 |
| 003 |
MiAaPQ |
| 005 |
20200128114131.0 |
| 006 |
m o d | |
| 007 |
cr cnu|||||||| |
| 008 |
200128s2018 quc o 000 0 fre d |
| 020 |
|
|
|z 9782896033225
|
| 020 |
|
|
|a 9782896034291
|q (electronic bk.)
|
| 035 |
|
|
|a (MiAaPQ)EBC5606411
|
| 035 |
|
|
|a (Au-PeEL)EBL5606411
|
| 035 |
|
|
|a (OCoLC)1078575459
|
| 040 |
|
|
|a MiAaPQ
|b eng
|e rda
|e pn
|c MiAaPQ
|d MiAaPQ
|
| 050 |
|
4 |
|a HJ2250
|b .R633 2018
|
| 082 |
0 |
|
|a 336.2009
|2 23
|
| 100 |
1 |
|
|a Rocchi, Jean-Michel,
|e author.
|
| 245 |
1 |
4 |
|a Les paradis fiscaux :
|b analyses et controverses /
|c Jean-Michel Rocchi, Jacques Terray.
|
| 264 |
|
1 |
|a Boucherville, Quebec :
|b Arnaud Franel Editions,
|c [2018]
|
| 264 |
|
4 |
|c 2018
|
| 300 |
|
|
|a 1 online resource (233 pages)
|
| 336 |
|
|
|a text
|b txt
|2 rdacontent
|
| 337 |
|
|
|a computer
|b c
|2 rdamedia
|
| 338 |
|
|
|a online resource
|b cr
|2 rdacarrier
|
| 588 |
|
|
|a Description based on print version record.
|
| 590 |
|
|
|a Electronic reproduction. Ann Arbor, MI : ProQuest, 2018. Available via World Wide Web. Access may be limited to ProQuest affiliated libraries.
|
| 650 |
|
0 |
|a Taxation
|x History.
|
| 655 |
|
4 |
|a Electronic books.
|
| 700 |
1 |
|
|a Terray, Jacques,
|e author.
|
| 776 |
0 |
8 |
|i Print version:
|a Rocchi, Jean-Michel.
|t Paradis fiscaux : analyses et controverses.
|d Boucherville, Quebec : Arnaud Franel Editions, c2018
|h 233 pages
|z 9782896033225
|
| 797 |
2 |
|
|a ProQuest (Firm)
|
| 856 |
4 |
0 |
|u https://ebookcentral.proquest.com/lib/matrademy/detail.action?docID=5606411
|z Click to View
|